000 00736nam a2200157Ia 4500
008 100122s9999 xx 000 0 und d
082 _b13050
_a923.254
100 _aकेळकर न चि
245 _aलो.टिळक यांचे चरित्र उत्तरार्ध खंड 3(1914/1920)(वा.क.क्र.5/3)
250 _a0
260 _bन.चि.केळकर
_c1928
300 _a200
630 _aलो.टिळक यांचे चरित्र उत्तरार्ध खंड 3(1914/1920)(वा.क.क्र.5/3)
730 _aलो.टिळक यांचे चरित्र उत्तरार्ध खंड 3(1914/1920)(वा.क.क्र.5/3)
942 _cBOOK
999 _c403964
_d403961